Cvičení k základům strojírenství pro IV. ročník gymnázií

Bibliographic Details
Main Author: Poliak, Pavel (autor učebníc) (Author)
Format: Book
Language:Czech
PhysicalDescription:196 s.
Published: Praha SNTL- Nakladatelství technické literatury 1984

MARC

LEADER 00000nam a2200000 a 4500
001 vtls001370496
003 SK-MaSNL
005 20260301070907.0
008 160628s1984 xr 0 cze
035 |a SNK000324274 
040 |a SNK  |b slo  |c SNK  |e AACR2 
041 0 |a cze 
044 |a xr  |c CZ 
100 1 |a Poliak, Pavel  |c (autor učebníc)  |4 aut  |9 229141 
245 1 0 |a Cvičení k základům strojírenství pro IV. ročník gymnázií 
260 |a Praha  |b SNTL- Nakladatelství technické literatury  |c 1984 
300 |a 196 s. 
958 |a OND 
999 |c 635891  |d 637821 
952 |a SNK  |b SNK  |y PREZ  |7 0  |p 17A0791638  |o snkSB 37745  |0 0  |1 0  |4 0  |d 2012-04-26  |l 0  |r 2025-04-22 00:00:00  |w 2026-02-23 
952 |t P60, <04>, [BOOK], {604}  |a SNK  |b SNK  |y VYP  |7 0  |p 17A0207142  |o snkSB 37745 D1  |0 0  |1 0  |4 0  |d 1999-08-18  |l 0  |r 2005-01-02 00:00:00  |w 2026-02-23